[Event "Rated Blitz game"]
[Site "?"]
[Date "2021.06.29"]
[Round "?"]
[White "GhostHunter2003"]
[Black "blastol"]
[Result "1-0"]
[WhiteElo "2561"]
[BlackElo "2444"]
[PlyCount "53"]
[EventDate "2021.??.??"]
[EventType "blitz"]

1. e4 e5 2. Nf3 d5 3. exd5 Bd6 4. Nc3 Nf6 5. d3 h6 6. Be2 O-O 7. O-O c6 8. dxc6
Nxc6 9. Re1 Be6 10. Ne4 Be7 11. c3 Nd5 12. Bf1 f5 13. Ng3 Bd6 14. d4 e4 15. c4
exf3 16. Rxe6 fxg2 17. Bxg2 Nf4 18. Bxf4 Bxf4 19. d5 Ne5 20. Qe2 Ng4 21. h3
Bxg3 22. fxg3 Nf6 23. Kh2 Rc8 24. b3 Rf7 25. Re1 Qc7 26. Re7 Qa5 27. Rxf7 {
Normal} 1-0

[Event "Rated Blitz tournament hWfT5QNq"]
[Site "?"]
[Date "2021.06.29"]
[Round "?"]
[White "LANATER2020"]
[Black "NDMUSPERM523"]
[Result "1-0"]
[WhiteElo "2518"]
[BlackElo "2239"]
[PlyCount "63"]
[EventDate "2021.??.??"]
[EventType "blitz"]

1. e4 e5 2. Nf3 d5 3. exd5 Qxd5 4. Nc3 Qe6 5. Qe2 Nc6 6. Nb5 Bd6 7. c3 a6 8.
Nxd6+ cxd6 9. d4 e4 10. Ng5 Qg6 11. Nxe4 Nge7 12. Bf4 O-O 13. Nxd6 Nd5 14. Bg3
Bg4 15. f3 Bd7 16. O-O-O Rac8 17. Nxc8 Rxc8 18. Qe4 Qh5 19. Bd3 Ncb4 20. Bb1
Be6 21. Qh4 Qxh4 22. Bxh4 Ne3 23. Rd2 Nxa2+ 24. Bxa2 Bxa2 25. Re1 Nc4 26. Rde2
Nd6 27. Be7 Nf5 28. Ba3 Be6 29. d5 Nd4 30. dxe6 Nxe2+ 31. Rxe2 fxe6 32. Rxe6 {
Normal} 1-0

[Event "Rated Blitz tournament hWfT5QNq"]
[Site "?"]
[Date "2021.06.29"]
[Round "?"]
[White "LANATER2020"]
[Black "NDMUSPERM523"]
[Result "1/2-1/2"]
[WhiteElo "2518"]
[BlackElo "2243"]
[PlyCount "142"]
[EventDate "2021.??.??"]
[EventType "blitz"]

1. e4 e5 2. Nf3 d5 3. Nxe5 Qe7 4. d4 f6 5. Ng4 Bxg4 6. Qxg4 Qxe4+ 7. Qxe4+ dxe4
8. Nc3 f5 9. Nb5 Bd6 10. c4 a6 11. Nc3 Bb4 12. Bd2 Nc6 13. Nd5 Bxd2+ 14. Kxd2
O-O-O 15. Kc3 Nf6 16. Nxf6 gxf6 17. d5 Ne5 18. Be2 f4 19. Rad1 Rhg8 20. g3 f3
21. Bf1 f5 22. Bh3 Rdf8 23. Kd4 Ng4 24. Bxg4 Rxg4 25. h3 Rg7 26. Ke5 Kd7 27. c5
f4 28. gxf4 Re7+ 29. Kd4 Rxf4 30. Ke3 Rff7 31. Rhg1 Rf5 32. Rg4 Rfe5 33. b4 b6
34. h4 a5 35. a3 axb4 36. axb4 bxc5 37. bxc5 Rh5 38. d6 cxd6 39. cxd6 Rf7 40.
Rxe4 Ra5 41. Rd3 Ra6 42. Rb4 Ra7 43. Rf4 Rxf4 44. Kxf4 Ra4+ 45. Kg5 Ra5+ 46.
Kh6 Ra4 47. h5 Rh4 48. Rxf3 Kxd6 49. Rf7 Ke6 50. Rxh7 Rf4 51. Ra7 Rxf2 52. Kh7
Rg2 53. h6 Kf6 54. Kh8 Rg1 55. h7 Rg2 56. Ra8 Kf7 57. Rg8 Ra2 58. Rg7+ Kf8 59.
Rb7 Rg2 60. Rb8+ Kf7 61. Rg8 Ra2 62. Rg7+ Kf8 63. Rg1 Kf7 64. Rf1+ Kg6 65. Rf8
Ra7 66. Rg8+ Kh6 67. Rb8 Rxh7+ 68. Kg8 Rg7+ 69. Kh8 Rh7+ 70. Kg8 Rg7+ 71. Kh8
Rh7+ {Normal} 1/2-1/2

[Event "Rated Blitz game"]
[Site "?"]
[Date "2021.06.29"]
[Round "?"]
[White "Odnek"]
[Black "annaly1979"]
[Result "1-0"]
[WhiteElo "2469"]
[BlackElo "2399"]
[PlyCount "35"]
[EventDate "2021.??.??"]
[EventType "blitz"]

1. e4 e5 2. Nf3 d5 3. Nxe5 Qe7 4. d4 f6 5. Nd3 Nc6 6. c3 Bf5 7. Be3 Bxe4 8. Nd2
Bf5 9. Qb3 Bxd3 10. Qxb7 Kd7 11. Bxd3 Rb8 12. Bf5+ Kd6 13. Qa6 g6 14. Qa3+ Nb4
15. Bh3 Bh6 16. cxb4 Bxe3 17. b5+ c5 18. Qxc5# {Normal} 1-0

[Event "Rated Blitz game"]
[Site "?"]
[Date "2021.06.29"]
[Round "?"]
[White "Chesstomioka"]
[Black "Fantastic_power06"]
[Result "0-1"]
[WhiteElo "2639"]
[BlackElo "2640"]
[PlyCount "124"]
[EventDate "2021.??.??"]
[EventType "blitz"]

1. e4 e5 2. Nf3 d5 3. Nxe5 Bd6 4. d4 dxe4 5. Nc3 Bxe5 6. dxe5 Qxd1+ 7. Nxd1 Nc6
8. Bf4 Nge7 9. Bb5 Bd7 10. Nc3 O-O-O 11. O-O-O Ng6 12. Bg3 Ncxe5 13. Bxd7+ Nxd7
14. Nxe4 f5 15. Ng5 Rde8 16. f3 h6 17. Nh3 Re2 18. Rd2 Rhe8 19. Rxe2 Rxe2 20.
Re1 Rxe1+ 21. Bxe1 Nc5 22. Bc3 Ne6 23. Nf2 Ngf4 24. g3 Ne2+ 25. Kd2 Nxc3 26.
Kxc3 Kd7 27. f4 Kd6 28. Kd3 Kd5 29. c4+ Kd6 30. Kc3 g5 31. Nd3 c6 32. b4 b6 33.
Ne5 gxf4 34. gxf4 Nxf4 35. Nf7+ Ke6 36. Nxh6 Ng6 37. Kd4 Kf6 38. a4 Ne7 39. h4
Kg6 40. Nxf5 Kxf5 41. c5 Ke6 42. b5 cxb5 43. axb5 Nf5+ 44. Ke4 Nxh4 45. cxb6
axb6 46. Kd4 Kd6 47. Kc4 Ng6 48. Kd4 Ne5 49. Ke4 Nc4 50. Kd4 Na3 51. Kc3 Nxb5+
52. Kb4 Kc6 53. Kc4 Nc7 54. Kb4 b5 55. Ka5 Na6 56. Kxa6 b4 57. Ka5 b3 58. Ka4
b2 59. Ka3 b1=Q 60. Ka4 Kc5 61. Ka3 Kc4 62. Ka4 Qa2# {Normal} 0-1

[Event "Rated Blitz game"]
[Site "?"]
[Date "2021.06.29"]
[Round "?"]
[White "SmashTimeFools"]
[Black "blastol"]
[Result "0-1"]
[WhiteElo "2454"]
[BlackElo "2457"]
[PlyCount "58"]
[EventDate "2021.??.??"]
[EventType "blitz"]

1. e4 e5 2. Nf3 d5 3. Nxe5 Bd6 4. d4 dxe4 5. Bc4 Bxe5 6. dxe5 Qxd1+ 7. Kxd1 Nc6
8. Bf4 Nge7 9. Bb5 O-O 10. Nc3 Bf5 11. Re1 Nd4 12. Bc4 Rad8 13. Kc1 e3 14. Bxe3
Nxc2 15. Rd1 Nxa1 16. Rxd8 Rxd8 17. Nb5 a6 18. Na3 b5 19. Be2 b4 20. Nc4 Nc2
21. Bc5 Nc6 22. g4 Bg6 23. f4 N2d4 24. Bd1 Be4 25. Nd2 Bd5 26. a3 bxa3 27. Bxa3
Na5 28. Ba4 Ne2+ 29. Kb1 Nxf4 {Normal} 0-1

[Event "Rated Rapid game"]
[Site "?"]
[Date "2021.06.29"]
[Round "?"]
[White "Genialny_zolw"]
[Black "eagle123123"]
[Result "1/2-1/2"]
[WhiteElo "2532"]
[BlackElo "2344"]
[PlyCount "111"]
[EventDate "2021.??.??"]
[EventType "rapid"]

1. e4 e5 2. Nf3 d5 3. exd5 e4 4. Qe2 Nf6 5. d3 Qxd5 6. Nbd2 Be7 7. dxe4 Qa5 8.
Qb5+ Nc6 9. Ne5 Qxb5 10. Bxb5 Bd7 11. Nxd7 Kxd7 12. f3 a6 13. Bc4 Ne5 14. Bb3
Bc5 15. Nc4 Nxc4 16. Bxc4 Ke7 17. Bf4 c6 18. Rd1 Rhd8 19. Ke2 b5 20. Bb3 a5 21.
a4 Nd7 22. Bc7 Rdc8 23. Bf4 f6 24. Rd2 Rd8 25. Rhd1 Ne5 26. Rxd8 Rxd8 27. Rxd8
Kxd8 28. Be3 Bxe3 29. Kxe3 bxa4 30. Bxa4 Nc4+ 31. Kd4 Nxb2 32. Bxc6 Kc7 33. Be8
Kb6 34. Kc3 Nd1+ 35. Kd2 Nb2 36. f4 Kc5 37. Kc3 Nd1+ 38. Kd3 a4 39. Kd2 a3 40.
Bf7 Nf2 41. e5 fxe5 42. fxe5 Ng4 43. e6 Kd6 44. Kc3 Nxh2 45. Kb3 Nf1 46. c4 Ne3
47. c5+ Ke7 48. Kxa3 Nc4+ 49. Kb4 Ne5 50. Bg8 h5 51. Kb5 g5 52. c6 Kd6 53. Bf7
Nxc6 54. Bxh5 Nd4+ 55. Kc4 Nxe6 56. Bg4 {Normal} 1/2-1/2

[Event "Rated Rapid game"]
[Site "?"]
[Date "2021.06.29"]
[Round "?"]
[White "chessentialsBLOG"]
[Black "InvisibleKoT"]
[Result "0-1"]
[WhiteElo "2664"]
[BlackElo "2665"]
[PlyCount "122"]
[EventDate "2021.??.??"]
[EventType "rapid"]

1. e4 e5 2. Nf3 d5 3. Nxe5 Bd6 4. d4 dxe4 5. Nc3 Bxe5 6. dxe5 Qxd1+ 7. Nxd1 Nc6
8. Bf4 Nge7 9. Bb5 Bd7 10. Bxc6 Bxc6 11. Nc3 O-O-O 12. O-O Ng6 13. Bg3 h5 14.
h4 Rhe8 15. Rfe1 Rd4 16. Rad1 Rxd1 17. Nxd1 Nxe5 18. Nc3 f5 19. Bxe5 Rxe5 20.
f4 Re6 21. Kf2 Kd7 22. Ke3 Rg6 23. Kf2 a6 24. Re3 Rg4 25. g3 Rg6 26. Ne2 Rd6
27. Ke1 g6 28. c3 b6 29. Nd4 Bb7 30. Re2 Bd5 31. b3 Ke7 32. Nc2 c6 33. Ne3 Be6
34. Rd2 a5 35. Rxd6 Kxd6 36. Kd2 b5 37. Kc2 Kc5 38. a3 b4 39. axb4+ axb4 40.
Kb2 bxc3+ 41. Kxc3 Bxb3 42. Kxb3 Kd4 43. Nc2+ Kd3 44. Nb4+ Ke2 45. Nxc6 Kf3 46.
Ne5+ Kxg3 47. Nxg6 e3 48. Ne5 Kxf4 49. Nd3+ Kf3 50. Kc3 f4 51. Kc2 Kg4 52. Kd1
f3 53. Ne5+ Kf4 54. Nc4 Ke4 55. Ke1 Kf4 56. Kf1 Ke4 57. Ke1 Kd4 58. Nd6 Kd3 59.
Kf1 f2 60. Nf5 e2+ 61. Kxf2 Kd2 {Normal} 0-1

[Event "Rated Rapid game"]
[Site "?"]
[Date "2021.06.29"]
[Round "?"]
[White "samihan200"]
[Black "InvisibleKoT"]
[Result "1-0"]
[WhiteElo "2358"]
[BlackElo "2688"]
[PlyCount "47"]
[EventDate "2021.??.??"]
[EventType "rapid"]

1. e4 e5 2. Nf3 d5 3. exd5 e4 4. Qe2 Nf6 5. d3 Qxd5 6. dxe4 Qxe4 7. Nc3 Bb4 8.
Bd2 Qxe2+ 9. Bxe2 O-O 10. a3 Bxc3 11. Bxc3 Ne4 12. Be5 c5 13. Bd3 Bf5 14. Nh4
Re8 15. f4 Bg6 16. Nxg6 hxg6 17. Bxe4 f6 18. Bxb7 fxe5 19. Bxa8 exf4+ 20. Kf2
Rf8 21. Rad1 Na6 22. Be4 Nc7 23. Rd7 Ne6 24. Bd5 {Normal} 1-0

[Event "Rated Blitz game"]
[Site "?"]
[Date "2021.06.29"]
[Round "?"]
[White "Theodoulos"]
[Black "Dzon_Vejn"]
[Result "0-1"]
[WhiteElo "2283"]
[BlackElo "2441"]
[PlyCount "98"]
[EventDate "2021.??.??"]
[EventType "blitz"]

1. e4 e5 2. Nf3 d5 3. Nxe5 Bd6 4. d4 dxe4 5. Be2 Bxe5 6. dxe5 Qxd1+ 7. Bxd1 Nc6
8. Bf4 Nge7 9. Nc3 Ng6 10. Nd5 Nxf4 11. Nxc7+ Kd8 12. Nxa8 Be6 13. Be2 Nxe2 14.
Kxe2 Nxe5 15. Ke3 f5 16. Rhd1+ Kc8 17. b3 Nf7 18. g4 fxg4 19. Kxe4 Kb8 20. Nb6
axb6 21. c4 Kc7 22. Rd2 g5 23. Kd4 h5 24. Re1 Rd8+ 25. Kc3 Rxd2 26. Kxd2 Kd6
27. Ke3 Ke5 28. Rd1 h4 29. Rf1 Nd6 30. Re1 Bf5 31. Rd1 Be4 32. Re1 Nf5+ 33. Kd2
Kd4 34. Rg1 Bf3 35. Re1 Be4 36. Rg1 Nh6 37. Rd1 Ke5 38. Ke3 Nf5+ 39. Kd2 Nd4
40. Ke3 Nc2+ 41. Kd2 Nb4 42. a3 Nc2 43. Kc3 Nxa3 44. Rd8 Nc2 45. Re8+ Kf4 46.
Rf8+ Bf5 47. b4 h3 48. c5 bxc5 49. bxc5 Na3 {Time forfeit} 0-1

[Event "Rated Blitz game"]
[Site "?"]
[Date "2021.06.29"]
[Round "?"]
[White "Chesstomioka"]
[Black "Fantastic_power06"]
[Result "0-1"]
[WhiteElo "2637"]
[BlackElo "2641"]
[PlyCount "54"]
[EventDate "2021.??.??"]
[EventType "blitz"]

1. e4 e5 2. Nf3 d5 3. Nxe5 Bd6 4. d4 dxe4 5. Nc3 Bxe5 6. dxe5 Qxd1+ 7. Kxd1 Nc6
8. Bb5 Bd7 9. Nxe4 O-O-O 10. Bd2 Nxe5 11. Bxd7+ Rxd7 12. Kc1 Ne7 13. Bc3 N7c6
14. f4 f5 15. Ng3 Ng6 16. Rf1 Re8 17. b3 Nh4 18. Rf2 b5 19. a3 a5 20. b4 a4 21.
Kb2 Kb7 22. Nh5 Ree7 23. h3 Na7 24. g4 Nc8 25. Ng3 Nd6 26. Nxf5 Nhxf5 27. gxf5
Re3 {Normal} 0-1

[Event "Rated Blitz game"]
[Site "?"]
[Date "2021.06.29"]
[Round "?"]
[White "ROWIEGLENARTIENDA"]
[Black "GrandeGila"]
[Result "1-0"]
[WhiteElo "2328"]
[BlackElo "2518"]
[PlyCount "115"]
[EventDate "2021.??.??"]
[EventType "blitz"]

1. e4 e5 2. Nf3 d5 3. Nc3 dxe4 4. Nxe4 f5 5. Ng3 e4 6. Ng1 Nf6 7. d4 Nc6 8. c3
Bd6 9. Bb5 O-O 10. N1e2 Ng4 11. Bf4 g5 12. Bxd6 Qxd6 13. h3 Nf6 14. O-O f4 15.
Nh1 f3 16. Neg3 fxg2 17. Kxg2 Qe6 18. Qb3 Nd5 19. Bc4 Qxh3+ 20. Kg1 Kh8 21.
Bxd5 Rf4 22. Bxe4 Rh4 23. Rfe1 Bg4 24. Bg2 Qh2+ 25. Kf1 Bh3 26. Bxh3 Qxh3+ 27.
Kg1 Rf8 28. Qe6 Qh2+ 29. Kf1 Rhf4 30. Re2 Rf3 31. d5 Nd8 32. Qe5+ R8f6 33. Qxg5
Qh3+ 34. Ke1 Rf8 35. Kd2 Nf7 36. Qh5 Qd7 37. Rae1 Nd6 38. Qe5+ R3f6 39. Ne4
Nc4+ 40. Kc2 Nxe5 41. Nxf6 Qf5+ 42. Ne4 Nf3 43. Nhg3 Qg6 44. Rh1 Ng5 45. Kb3
Nxe4 46. Nxe4 Qf7 47. Rhe1 Qxd5+ 48. Kc2 Qf5 49. Kb3 b5 50. a3 Qd5+ 51. Kc2 a5
52. Kc1 Qf5 53. Rd1 Qf4+ 54. Kc2 Re8 55. Rd4 Re7 56. Kd3 Qf3+ 57. Re3 Qxf2 58.
Nxf2 {Time forfeit} 1-0

[Event "Rated Blitz game"]
[Site "?"]
[Date "2021.06.29"]
[Round "?"]
[White "SerasMio"]
[Black "annaly1979"]
[Result "1-0"]
[WhiteElo "2457"]
[BlackElo "2401"]
[PlyCount "113"]
[EventDate "2021.??.??"]
[EventType "blitz"]

1. e4 e5 2. Nf3 d5 3. Nxe5 Qe7 4. d4 f6 5. Nd3 Nc6 6. Nc3 Nxd4 7. Nf4 Nc6 8.
Nfxd5 Qd8 9. Bf4 Bd6 10. Bxd6 cxd6 11. Nb5 Bd7 12. Ndc7+ Kf7 13. Nxd6+ Ke7 14.
Nxa8 Qxa8 15. Bc4 Nh6 16. O-O Ne5 17. Bb3 Bg4 18. f3 Rd8 19. fxg4 Rxd6 20. Qe2
Nhxg4 21. Rad1 Qd8 22. Rxd6 Qxd6 23. h3 Qb6+ 24. Kh1 Nh6 25. Qf2 Qa5 26. Rd1
Nhf7 27. Qd4 Qc7 28. Qb4+ Ke8 29. Ba4+ Nc6 30. Qc5 Nfe5 31. Qxa7 Kf7 32. Bxc6
Qxc6 33. Qf2 Qxe4 34. Re1 Qd5 35. b3 b5 36. Qe2 b4 37. Qh5+ Kf8 38. Qxh7 Qd2
39. Qe4 Kf7 40. Rf1 Kg8 41. Qf5 Qd6 42. c3 bxc3 43. Qc8+ Kh7 44. Qxc3 Qa6 45.
Qc2+ Kh6 46. Rc1 Nd3 47. Qd2+ g5 48. Rd1 Nf4 49. a4 Qb7 50. Kh2 Qxb3 51. a5 Qa3
52. Qd6 Qa2 53. Qxf6+ Ng6 54. Rg1 Qxa5 55. Qf3 Qc7+ 56. Qg3 Nf4 57. h4 {
Time forfeit} 1-0

[Event "Rated Blitz game"]
[Site "?"]
[Date "2021.06.29"]
[Round "?"]
[White "Sammeister"]
[Black "annaly1979"]
[Result "1-0"]
[WhiteElo "2493"]
[BlackElo "2429"]
[PlyCount "69"]
[EventDate "2021.??.??"]
[EventType "blitz"]

1. e4 e5 2. Nf3 d5 3. Nxe5 Qe7 4. d4 f6 5. Nf3 dxe4 6. Nfd2 f5 7. Be2 Nf6 8.
O-O Nc6 9. Nb3 Be6 10. c4 Bf7 11. d5 Ne5 12. Nc3 a6 13. Nd4 Qd7 14. Bf4 Bd6 15.
Bg3 b6 16. f3 O-O 17. fxe4 Nxe4 18. Nxe4 fxe4 19. Nf5 Bg6 20. Nxd6 Qxd6 21. Qd4
Rfe8 22. b4 Rad8 23. Rad1 Qe7 24. c5 Nd3 25. Bxd3 exd3 26. Rde1 Qg5 27. d6 bxc5
28. bxc5 cxd6 29. cxd6 Re2 30. Bh4 Rxd6 31. Qc4+ Qd5 32. Qc8+ Be8 33. Rxe2 Qd4+
34. Bf2 dxe2 35. Qxe8# {Normal} 1-0

[Event "Rated Blitz game"]
[Site "?"]
[Date "2021.06.29"]
[Round "?"]
[White "js20000"]
[Black "KinzyabulatovRenat"]
[Result "0-1"]
[WhiteElo "2521"]
[BlackElo "2445"]
[PlyCount "132"]
[EventDate "2021.??.??"]
[EventType "blitz"]

1. e4 e5 2. Nf3 d5 3. Nxe5 Bd6 4. d4 dxe4 5. Nc3 Bxe5 6. dxe5 Qxd1+ 7. Kxd1 Nc6
8. Bf4 Bf5 9. Bb5 O-O-O+ 10. Kc1 Nd4 11. Bc4 Ne6 12. Be3 Ne7 13. Re1 Nc6 14.
Bxe6+ fxe6 15. Bg5 Rd4 16. Bf4 g5 17. Bxg5 Rg8 18. Be3 Rd5 19. Nxd5 exd5 20.
Bf4 Rxg2 21. Bg3 Kd7 22. c3 Ke6 23. Kd2 Nxe5 24. Ke3 c5 25. Rg1 Nc4+ 26. Ke2
Bg4+ 27. Kf1 Rxg1+ 28. Kxg1 b6 29. b3 Nd2 30. Bf4 Nf3+ 31. Kf1 d4 32. cxd4 cxd4
33. Rc1 d3 34. Rc6+ Kd5 35. Rd6+ Kc5 36. Rd8 Kb4 37. Kg2 Ka3 38. Kg3 Bf5 39.
Rd5 Bg6 40. Rd7 a5 41. Rb7 Kxa2 42. Rxb6 d2 43. Rd6 Kxb3 44. Bxd2 Nxd2 45. Rxd2
a4 46. Rd8 a3 47. Rb8+ Kc2 48. Ra8 Kb2 49. Rb8+ Kc2 50. Ra8 Kb2 51. Rb8+ Ka1
52. Kf4 a2 53. h4 Bf7 54. Kxe4 Bh5 55. Kf4 Bg6 56. Kg5 Bc2 57. Kh6 Ba4 58. Kxh7
Bc2+ 59. Kg7 Be4 60. Rb4 Bd3 61. Ra4 Kb2 62. Rxa2+ Kxa2 63. f4 Kb3 64. h5 Kc4
65. h6 Kd5 66. Kf6 Kd6 {Time forfeit} 0-1

[Event "Rated Blitz game"]
[Site "?"]
[Date "2021.06.29"]
[Round "?"]
[White "scorpionking1"]
[Black "BrilliantGambiteer"]
[Result "1-0"]
[WhiteElo "2384"]
[BlackElo "2420"]
[PlyCount "75"]
[EventDate "2021.??.??"]
[EventType "blitz"]

1. e4 e5 2. Nf3 d5 3. d4 dxe4 4. Nxe5 Bd6 5. Bf4 Nf6 6. Bc4 O-O 7. O-O Qe7 8.
Nc3 Nc6 9. Nxc6 bxc6 10. Bg3 Rb8 11. Re1 Bf5 12. f3 Bxg3 13. hxg3 Rfe8 14. g4
Bg6 15. g5 Nh5 16. Nxe4 Bxe4 17. Rxe4 Qxg5 18. Qe2 Rxe4 19. Qxe4 Nf4 20. Bf1
Nh3+ 21. Kh2 Qf4+ 22. Kxh3 Qh6+ 23. Kg3 Qg5+ 24. Kf2 Qd2+ 25. Be2 g6 26. b3 Kf8
27. Rd1 Qg5 28. Qe5 Qh4+ 29. Kg1 Re8 30. Qc5+ Kg8 31. Bf1 Qf4 32. Qc3 Re3 33.
Qd2 g5 34. c3 h5 35. Re1 Rxe1 36. Qxe1 h4 37. Qe4 Qg3 38. Qg4 {Normal} 1-0

[Event "Rated Blitz game"]
[Site "?"]
[Date "2021.06.29"]
[Round "?"]
[White "MasterAliFekri"]
[Black "Razario90"]
[Result "0-1"]
[WhiteElo "2421"]
[BlackElo "2368"]
[PlyCount "100"]
[EventDate "2021.??.??"]
[EventType "blitz"]

1. e4 e5 2. Nf3 d5 3. exd5 e4 4. Qe2 Nf6 5. Nc3 Be7 6. Nxe4 O-O 7. Nxf6+ Bxf6
8. d4 Qxd5 9. Be3 Bf5 10. c4 Qa5+ 11. Bd2 Qb6 12. g3 Qxb2 13. Rd1 Nc6 14. Be3
Qb4+ 15. Bd2 Qa3 16. Bc1 Qa5+ 17. Qd2 Rfe8+ 18. Be2 Rxe2+ 19. Kxe2 Re8+ 20. Kf1
Bh3+ 21. Kg1 Qh5 22. Qd3 Bg4 23. h3 Bxf3 24. g4 Bxg4 25. hxg4 Qxg4+ 26. Kf1 h5
27. d5 Nb4 28. Qb3 Qe2+ 29. Kg2 Re4 30. Rh3 Nc2 31. Rd2 Ne1+ 32. Kg1 Rg4+ 33.
Rg3 Nf3+ 34. Qxf3 Qxf3 35. d6 Rxg3+ 36. fxg3 Qxg3+ 37. Rg2 Bd4+ 38. Kf1 Qf3+
39. Ke1 Qxg2 40. d7 Qf2+ 41. Kd1 Qf6 42. Kc2 Qd8 43. Bb2 Qxd7 44. Bxd4 Qxd4 45.
Kb3 c5 46. a4 h4 47. a5 h3 48. a6 b6 49. Ka4 h2 50. Kb5 Qd7# {Normal} 0-1

[Event "Rated Blitz game"]
[Site "?"]
[Date "2021.06.29"]
[Round "?"]
[White "gajardo"]
[Black "NaestvedVinderAltid"]
[Result "0-1"]
[WhiteElo "2493"]
[BlackElo "2331"]
[PlyCount "52"]
[EventDate "2021.??.??"]
[EventType "blitz"]

1. e4 e5 2. Nf3 d5 3. Nc3 dxe4 4. Nxe4 f5 5. Ng3 e4 6. Ng1 Be6 7. d3 Nf6 8. Bg5
Nc6 9. Qd2 h6 10. Bxf6 Qxf6 11. O-O-O O-O-O 12. Kb1 Nb4 13. a3 Nd5 14. Nh3 Bxa3
15. bxa3 Nc3+ 16. Kc1 Na2+ 17. Kb1 Nc3+ 18. Kc1 Rd6 19. Qe3 Na2+ 20. Kd2 Qc3+
21. Ke2 Qxc2+ 22. Rd2 exd3+ 23. Kf3 Bd5+ 24. Kf4 Qc4+ 25. Kxf5 Rf8+ 26. Ke5
Re6# {Normal} 0-1

[Event "Rated Blitz tournament UkPOqIAG"]
[Site "?"]
[Date "2021.06.29"]
[Round "?"]
[White "gunawan_kab_cjr"]
[Black "om_gendut"]
[Result "0-1"]
[WhiteElo "2277"]
[BlackElo "2423"]
[PlyCount "74"]
[EventDate "2021.??.??"]
[EventType "blitz"]

1. e4 e5 2. Nf3 d5 3. d3 dxe4 4. dxe4 Qxd1+ 5. Kxd1 Bg4 6. Be2 Nc6 7. Nbd2 Bc5
8. Ke1 Nf6 9. c3 Bh5 10. h3 O-O-O 11. b4 Bd6 12. a4 Bg6 13. a5 Nxe4 14. Nxe4
Bxe4 15. Ng5 Bg6 16. b5 Ne7 17. Bf3 h6 18. Ne4 f5 19. Nxd6+ cxd6 20. Be3 Kb8
21. a6 b6 22. Bxb6 e4 23. Bxd8 Rxd8 24. Be2 d5 25. Rd1 Kc7 26. c4 d4 27. Rd2 d3
28. Bd1 Kb6 29. Rb2 Nc8 30. Kd2 Nd6 31. Bb3 Rc8 32. Rc1 Rc5 33. Ke3 Bf7 34. Kd4
g5 35. g3 Bg6 36. h4 Nxb5+ 37. Ke3 Nd6 {Time forfeit} 0-1

[Event "Rated Blitz game"]
[Site "?"]
[Date "2021.06.29"]
[Round "?"]
[White "AirCPLP"]
[Black "BrilliantGambiteer"]
[Result "0-1"]
[WhiteElo "2270"]
[BlackElo "2440"]
[PlyCount "126"]
[EventDate "2021.??.??"]
[EventType "blitz"]

1. e4 e5 2. Nf3 d5 3. Nxe5 Bd6 4. d4 dxe4 5. Nc3 Bxe5 6. dxe5 Qxd1+ 7. Kxd1 Nc6
8. Bb5 Bg4+ 9. Ke1 O-O-O 10. Bxc6 bxc6 11. Be3 Bf5 12. Bxa7 Ne7 13. Rd1 Ng6 14.
Bd4 Rhe8 15. Na4 Nxe5 16. Nc5 f6 17. h3 Bg6 18. a4 Nd7 19. Nb3 e3 20. Na1 exf2+
21. Kxf2 c5 22. Be3 c4 23. Rhe1 Kb7 24. Rd4 Nb6 25. a5 Rxd4 26. Bxd4 Rxe1 27.
Kxe1 Nd5 28. Kd2 Ka6 29. g3 Kxa5 30. b3 Kb5 31. bxc4+ Kxc4 32. Ba7 Nb4 33. Bb8
c6 34. Bd6 Bf5 35. h4 Be4 36. Bf8 g6 37. Bg7 f5 38. Bh6 Bd5 39. Nb3 c5 40. Nc1
Kb5 41. Ne2 Bf3 42. Nf4 Be4 43. c3 Nc6 44. Ne6 Ne5 45. Nf8 Nf7 46. Bg7 Nd6 47.
Nxh7 Nc4+ 48. Ke2 Nb2 49. Ng5 Kc4 50. Nxe4 fxe4 51. Ke3 Na4 52. Kxe4 Nxc3+ 53.
Kf4 Nd5+ 54. Kg5 Ne3 55. Kxg6 Kd3 56. h5 Ng4 57. h6 Nxh6 58. Kxh6 c4 59. g4 c3
60. g5 c2 61. Bb2 Kd2 62. g6 Kd1 63. g7 c1=Q+ {Time forfeit} 0-1

[Event "Rated Blitz game"]
[Site "?"]
[Date "2021.06.29"]
[Round "?"]
[White "tarik2011"]
[Black "annaly1979"]
[Result "0-1"]
[WhiteElo "2488"]
[BlackElo "2428"]
[PlyCount "72"]
[EventDate "2021.??.??"]
[EventType "blitz"]

1. e4 e5 2. Nf3 d5 3. exd5 e4 4. Ne5 Bd6 5. d4 Nf6 6. c4 b6 7. Qa4+ Bd7 8. Nxd7
Nbxd7 9. Nc3 h6 10. Be2 O-O 11. Be3 a6 12. c5 bxc5 13. O-O cxd4 14. Bxd4 Re8
15. Rfe1 Rb8 16. b3 Rb4 17. Qxa6 Rxd4 18. Bc4 Rd2 19. Rad1 Rxd1 20. Rxd1 Nc5
21. Qb5 Qe7 22. Ne2 Qe5 23. g3 e3 24. f3 Qb2 25. a4 Qc2 26. Rc1 Qd2 27. b4 Ncd7
28. a5 Qxb4 29. Nd4 Qd2 30. Ne2 Ne5 31. Kg2 Nxc4 32. Qxc4 Qxa5 33. Rc2 Qxd5 34.
Qa4 Ra8 35. Qh4 Qd1 36. Rb2 Be5 {Normal} 0-1

[Event "Rated Blitz game"]
[Site "?"]
[Date "2021.06.29"]
[Round "?"]
[White "Bibekthing"]
[Black "KinzyabulatovRenat"]
[Result "1-0"]
[WhiteElo "2494"]
[BlackElo "2451"]
[PlyCount "81"]
[EventDate "2021.??.??"]
[EventType "blitz"]

1. e4 e5 2. Nf3 d5 3. exd5 e4 4. Qe2 Nf6 5. d3 Qxd5 6. Bd2 Be6 7. dxe4 Nxe4 8.
Nc3 Nxc3 9. Bxc3 Nc6 10. Qb5 O-O-O 11. Bd3 a6 12. Qxd5 Bxd5 13. O-O-O f6 14.
Rd2 Bb4 15. Bxb4 Nxb4 16. Bf5+ Kb8 17. Rhd1 g6 18. Be4 c6 19. a3 f5 20. Bxd5
Nxd5 21. c4 Kc7 22. cxd5 c5 23. d6+ Kb6 24. Re2 Rd7 25. Re7 Rhd8 26. Rxd7 Rxd7
27. Ne5 Rd8 28. d7 Kc7 29. Kc2 b5 30. Kc3 g5 31. Nf7 Rxd7 32. Rxd7+ Kxd7 33.
Nxg5 h6 34. Nf7 Ke6 35. Nxh6 Kf6 36. Nxf5 Kxf5 37. h4 Kg4 38. g3 a5 39. b3 Kh5
40. a4 c4 41. axb5 {Normal} 1-0

[Event "Rated Blitz game"]
[Site "?"]
[Date "2021.06.29"]
[Round "?"]
[White "gefuehlter_FM"]
[Black "Fantastic_power06"]
[Result "1/2-1/2"]
[WhiteElo "2713"]
[BlackElo "2658"]
[PlyCount "158"]
[EventDate "2021.??.??"]
[EventType "blitz"]

1. e4 e5 2. Nf3 d5 3. Nxe5 Bd6 4. d4 dxe4 5. Nc4 Nc6 6. c3 Bf5 7. Nxd6+ Qxd6 8.
Na3 O-O-O 9. Nc4 Qe7 10. Be2 h5 11. Bxh5 Nf6 12. Be2 Nd5 13. Ne3 Qg5 14. Nxf5
Qxg2 15. Ng3 Rxh2 16. Rxh2 Qxh2 17. Bg4+ Kb8 18. Qe2 e3 19. Bxe3 Nxe3 20. Qxe3
Qg1+ 21. Nf1 Qxg4 22. Qe2 Qg5 23. Ne3 f5 24. O-O-O f4 25. Nc4 a6 26. f3 Qd5 27.
b3 b5 28. Nd2 b4 29. Qxa6 bxc3 30. Ne4 Nxd4 31. Nxc3 Nxb3+ 32. axb3 Qg8 33.
Qb5+ Kc8 34. Nd5 Qe6 35. Qc4 Qd6 36. Kc2 Re8 37. Rd2 Re5 38. Nxf4 Qc5 39. Nd3
Qxc4+ 40. bxc4 Rf5 41. f4 g5 42. fxg5 Rxg5 43. Kc3 Rg3 44. Rf2 Kb7 45. Re2 Rh3
46. Kd4 Rh4+ 47. Re4 Rh5 48. Re3 Rh4+ 49. Kc3 Rh8 50. Re5 Ra8 51. Rb5+ Kc6 52.
Rb3 Kd6 53. Nb4 Rh8 54. Nd3 Rh3 55. c5+ Kd5 56. Rb4 Kc6 57. Rd4 Rh5 58. Kc4 Rh1
59. Nb4+ Kb7 60. Rd3 Rb1 61. Rc3 Rh1 62. Kb5 Rh4 63. Rc4 Rh5 64. Nc6 Rg5 65.
Na5+ Kc8 66. Rb4 Kd7 67. Rc4 Rg8 68. Nc6 Rb8+ 69. Nxb8+ Kc8 70. Nc6 Kb7 71. Rd4
Kc8 72. Rd7 Kxd7 73. Nd4 Kc8 74. c6 Kb8 75. Kc4 Kc8 76. Kd5 Kd8 77. Ke6 Ke8 78.
Nb5 Kd8 79. Nxc7 Kc8 {Time forfeit} 1/2-1/2

[Event "Rated Blitz game"]
[Site "?"]
[Date "2021.06.29"]
[Round "?"]
[White "peppie23"]
[Black "annaly1979"]
[Result "1-0"]
[WhiteElo "2577"]
[BlackElo "2398"]
[PlyCount "77"]
[EventDate "2021.??.??"]
[EventType "blitz"]

1. e4 e5 2. Nf3 d5 3. exd5 e4 4. Qe2 f5 5. d3 Nf6 6. dxe4 fxe4 7. Nfd2 Be7 8.
c4 O-O 9. Nc3 c6 10. Ndxe4 Nxe4 11. Nxe4 cxd5 12. cxd5 Qxd5 13. Qc4 Be6 14.
Qxd5 Bxd5 15. Nc3 Bc6 16. Be3 Nd7 17. O-O-O Rac8 18. Kb1 Nc5 19. f3 Rfe8 20.
Bc4+ Kh8 21. Rhe1 b6 22. Bf7 Rf8 23. Bd5 Bf6 24. Bxc5 Bxc3 25. bxc3 bxc5 26.
Kc2 Ba4+ 27. Bb3 Bb5 28. Re5 a6 29. c4 Be8 30. Kc3 Bg6 31. Bc2 Bf7 32. Rd6 Rce8
33. Rxe8 Rxe8 34. Be4 g6 35. Rxa6 Rb8 36. Ra8 Rxa8 37. Bxa8 Kg7 38. a4 Be8 39.
a5 {Normal} 1-0